| 000 | 00446nam a2200169Ia 4500 | ||
|---|---|---|---|
| 001 | 28748 | ||
| 003 | IN-NITTTR | ||
| 005 | 20251114233354.0 | ||
| 008 | 251113s9999||||xx |||||||||||||| ||eng|| | ||
| 040 | _beng | ||
| 040 | _cIN-NITTTR | ||
| 041 | _aeng | ||
| 082 | _a620.5 E88 | ||
| 245 | 0 |
_aEnvironmental applications of nanomaterials : _b synthesis, sorbents and sensors / _cFryxell, Glen E, ed. |
|
| 700 | _aFryxell, Glen E | ||
| 942 |
_2ddc _cBK |
||
| 999 |
_c31376 _d31376 |
||